Geography Quiz

Random Geography or City Quiz

Tropic of Cancer - Largest Cities Quiz Stats

 Plays Quiz not verified by Sporcle

Challenge
Share
Tweet
Embed
Score 0/22 Timer 07:00
0 Plays Today
Continent City % Correct
North AmericaMexico City, Mexico
92.7%
AsiaMumbai, India
80.3%
AsiaBangkok,Thailand
68.9%
South AmericaBogota, Colombia
68.9%
AfricaLagos, Nigeria
64.2%
AsiaHong Kong, China
63.2%
AsiaHo Chi Minh City, Vietnam
57.5%
AsiaHanoi, Vietnam
54.9%
AsiaKolkata, India
47.2%
AsiaBangalore, India
46.6%
AsiaChennai, India
46.1%
Continent City % Correct
North AmericaGuadalajara, Mexico
46.1%
AsiaSingapore
40.9%
AsiaYangon, Myanmar (Burma)
40.4%
South AmericaMedellin, Colombia
38.9%
AsiaGuangzhou, China
38.3%
North AmericaSanto Domingo, Dominican Republic
36.8%
AsiaManila, Philippines
34.2%
AsiaPune, India
32.1%
AfricaAbidjan, Cote d'Ivoire (Ivory Coast)
29%
AsiaAhmedabad, India
27.5%
AsiaHyderabad, India
21.8%

You're not logged in!

Compare scores with friends on all Sporcle quizzes.
OR
Log In

You Might Also Like...

Show Comments

Extras

Top Quizzes Today


Score Distribution

Your Account Isn't Verified!

In order to create a playlist on Sporcle, you need to verify the email address you used during registration. Go to your Sporcle Settings to finish the process.

Report this User

Report this user for behavior that violates our Community Guidelines.

Details: